000 00677nam a2200181Ia 4500
008 090124s9999 xx 000 0 und d
082 _b20096
100 _aआठवले वि.ब.
245 _a ह्ऱ्त्पद्म अर्थात परमहंस प्रभा
250 _a0
260 _bआठवले वि.ब.
_c1942
300 _a340
600 _aआठवले वि.ब.
630 _a ह्ऱ्त्पद्म अर्थात परमहंस प्रभा
700 _aआठवले वि.ब.
730 _a ह्ऱ्त्पद्म अर्थात परमहंस प्रभा
942 _cBOOK
999 _c91237
_d91237